Every Montreal Canadiens Draft Picks since 2020 - Statistics

General Stats
  • This quiz has been taken 100 times
  • The average score is 16 of 47
Answer Stats
Draft Year Round Answer % Correct
2024 1 Ivan Demidov
96%
2022 1 Juraj Slafkovsky
94%
2023 1 David Reinbacher
92%
2024 1 Michael Hage
87%
2022 1 Filip Mesar
85%
2022 2 Lane Hutson
83%
2020 1 Kaiden Guhle
77%
2021 1 Logan Mailloux
73%
2023 3 Jacob Fowler
69%
2020 5 Jakub Dobes
69%
2023 4 Florian Xhekaj
63%
2021 5 Joshua Roy
60%
2022 2 Owen Beck
60%
2021 2 Oliver Kapanen
50%
2024 3 Aatos Koivu
42%
2022 3 Adam Engstrom
38%
2020 4 Sean Farrell
35%
2020 2 Luke Tuch
33%
2023 4 Quentin Miller
29%
2024 5 Tyler Thorpe
29%
2021 4 William Trudeau
29%
2022 5 Jared Davidson
27%
2023 5 Sam Harris
25%
2021 2 Riley Kidney
23%
2021 6 Xavier Simoneau
23%
2020 2 Jan Mysak
19%
2024 3 Logan Sawyer
19%
2023 4 Bogdan Konyushkov
17%
2022 7 Miguel Tourigny
17%
2020 4 Jack Smith
15%
2024 7 Makar Khanin
15%
2024 4 Owen Protz
15%
2022 3 Vinzenz Rohrer
15%
2023 5 Yevgeni Volokhin
13%
2022 4 Cedrick Guindon
12%
2022 6 Emmett Croteau
12%
2021 7 Joe Vrbetic
12%
2024 5 Mikus Vecvanags
12%
2020 4 Blake Biondi
10%
2023 7 Luke Mittelstadt
10%
2024 7 Rasmus Bergqvist
10%
2020 6 Alexander Gordin
8%
2023 6 Filip Eriksson
8%
2024 6 Ben Merrill
4%
2021 5 Daniil Sobolev
4%
2021 3 Dmitri Kostenko
4%
2022 7 Petteri Nurmi
4%
No matching quizzes found
Score Distribution
Percent of People with Each Score
Percentile by Number Answered
Your Score History
You have not taken this quiz